000 01175nam a2200241Ia 4500
003 OSt
005 20200714155241.0
008 191128s2010 ck ad fr 000 0dspa d
040 _aCO-JMCR
_cCO-JMCR
041 0 _aspa
082 0 4 _a338.4768875 /
_bB271p
_223
100 1 _aBetancur Sánchez, Alberto,
_eautor
_97227
245 1 3 _aEl poder de una vizión :
_bdel juego del chance a la red tecnológica y comercial más poderosa del país
_cAlberto Betancur Sánchez ; editor Jhon J. Gutiérrez R.
260 _aBogotá :
_bDupligráficas Ltda,
_c2010
300 _a184 páginas :
_bgráficos a blanco y negro ;
_c23 cm +
_e1 CD
500 _aIncluye datos biográficos del autor en contraportada.
505 0 _aIdeas para un diagnóstico objetivo, una visión inteligente y un movimiento estratégico en la industria de los juegos de azar -- Se hace un camino al soñar -- Principios empresariales para un bien mayor en la nueva economía
650 1 4 _aJuegos de azar
_zColombia
_97228
650 1 4 _aÉxito en los negocios
_zColombia
_97229
650 1 4 _aChance (Juego)
_xhistoria
_zColombia
_97230
700 1 _aGutiérrez R., Jhon J.,
_eeditor
_97231
942 _2ddc
_cBK
999 _c5847
_d5847